Click the Oasis Song Title Ending - Statistics

General Stats
  • This quiz has been taken 1,606 times
  • The average score is 23 of 26
Answer Stats
Hint Answer % Correct
Stand By Me
97%
Don't Look Back in Anger
96%
Little by Little
96%
Stop Crying Your Heart Out
96%
All Around the World
96%
Cigarettes & Alcohol
95%
Married with Children
95%
D'You Know What I Mean?
95%
Up in the Sky
95%
Champagne Supernova
94%
Morning Glory
93%
Some Might Say
93%
Live Forever
92%
Roll with It
92%
Half The World Away
90%
Cast No Shadow
89%
Where Did It All Go Wrong?
89%
Let There Be Love
86%
The Importance of Being Idle
85%
I'm Outta Time
85%
Rock 'N' Roll Star
84%
Falling Down
78%
Talk Tonight
78%
The Shock of the Lightning
74%
Gas Panic!
69%
Waiting for the Rapture
63%
No matching quizzes found
Score Distribution
Percent of People with Each Score
Percentile by Number Answered
Your Score History
You have not taken this quiz